Marketing Minds (Record no. 2018)

MARC details
000 -LEADER
fixed length control field 00384nam a22001697a 4500
005 - DATE AND TIME OF LATEST TRANSACTION
control field 20160528104256.0
008 - FIXED-LENGTH DATA ELEMENTS--GENERAL INFORMATION
fixed length control field 160528b xxu||||| |||| 00| 0 eng d
020 ## - INTERNATIONAL STANDARD BOOK NUMBER
ISBN 0-07-053123-4
041 ## - LANGUAGE CODE
Language code of text/sound track or separate title eng
082 ## - DEWEY DECIMAL CLASSIFICATION NUMBER
Item number 5691
100 ## - MAIN ENTRY--AUTHOR NAME
Personal name Moore, Geoffery and others
245 ## - TITLE STATEMENT
Title Marketing Minds
260 ## - PUBLICATION, DISTRIBUTION, ETC. (IMPRINT)
Name of publisher TMH
Year of publication 2004
300 ## - PHYSICAL DESCRIPTION
Number of Pages 183
650 ## - SUBJECT ADDED ENTRY--TOPICAL TERM
Topical Term Management
942 ## - ADDED ENTRY ELEMENTS (KOHA)
Koha item type Books
Holdings
Lost status Damaged status Collection code Home library Current library Shelving location Date acquired Cost, normal purchase price Accession Number Koha item type Full call number
    MANAGEMENT JRU Library JRU Library SHELF- 66 F 28/05/2016 195.00 5691 Books  
    MANAGEMENT JRU Library JRU Library SHELF - 69 N 28/05/2016 195.00 5692 Books 5691
    MANAGEMENT JRU Library JRU Library SHELF - 69 N 28/05/2016 195.00 5693 Books 5691
    MANAGEMENT JRU Library JRU Library SHELF - 69 N 28/05/2016 195.00 5694 Books 5691